000 00264nam a2200109Ia 4500
008 190913s9999||||xx |||||||||||||| ||und||
100 _aM.Saeed Nasir
245 2 _aA Text Book of Economics
260 _aKarachi
_bImtiaz book
_c2001
300 _a1180
942 _cBK
999 _c8070
_d8070